000 02785cam a2200289 4500500
005 20260111071021.0
041 _afre
042 _adc
100 1 0 _aCapriz, F.
_eauthor
700 1 0 _aMailland-Putegnat, V.
_eauthor
700 1 0 _aMuller, K.
_eauthor
245 0 0 _aLa place des opioïdes dans les douleurs procédurales du grand âge
260 _c2026.
500 _a18
520 _aLa douleur procédurale reste une douleur « indue », particulièrement dans les populations les plus fragiles comme les patients âgés cumulant douleurs multiples, comorbidités sévères et polymédication. Les opioïdes forts à libération immédiate se positionnent en première ligne de prescription anticipée dans ce contexte, de par leur maniabilité. Ils permettent de mieux contrôler les douleurs liées aux soins. Trois mots clés permettent une juste prescription antalgique : analyser, comprendre/anticiper et agir. Une bonne connaissance des opioïdes est un prérequis indispensable, afin de maîtriser leur maniement et ainsi améliorer la qualité de vie des sujets âgés vulnérables et souvent dépendants. Ils doivent rester sous surveillance constante le temps de leur utilisation. Cette approche algogériatrique se veut globale, où le positionnement du médicament opioïde est souvent incontournable. Contrôler les douleurs procédurales est un défi du quotidien en gériatrie et relève de la bientraitance.
520 _aHealthcare-induced pain remains “undue”, particularly in the most fragile populations such as elderly patients with multiple pains, severe comorbidities and polymedication. Strong immediate-release opioids are positioned as the first line of anticipated prescription in this context, due to their ease of use. They allow for better control of care-related pain; three key words allow for an accurate analgesic prescription: analyze, understand/anticipate, and act. A good knowledge of opioids is an essential prerequisite for mastering their handling and thus improving the quality of life of vulnerable and often dependent elderly patients. They must remain under constant supervision during their use. This geriatric pain management approach is intended to be comprehensive, where the positioning of the opioid medication is often essential. Controlling procedural pain is a daily challenge in geriatrics and is a matter of good treatment.
690 _adouleur
690 _aopioïdes
690 _asoins
690 _asujet âgé
690 _acare
690 _aelderly
690 _aopioïd
690 _apain
786 0 _nDouleur et analgésie | 38 | 4 | 2026-01-05 | p. 269-273 | 1011-288X
856 4 1 _uhttps://stm.cairn.info/revue-douleur-et-analgesie-2025-4-page-269?lang=fr&redirect-ssocas=7080
999 _c1614821
_d1614821